Fading Light/ (Record no. 201669)
[ view plain ]
| 000 -LEADER | |
|---|---|
| fixed length control field | 00517nam a2200181 4500 |
| 005 - DATE AND TIME OF LATEST TRANSACTION | |
| control field | 20240320165925.0 |
| 010 ## - LCCN (DPL NO) | |
| LC control number | ENG-139801 |
| 020 ## - INTERNATIONAL STANDARD BOOK NUMBER | |
| International Standard Book Number | 9789390746088 |
| Terms of availability | 1028.00 |
| 035 ## - SYSTEM CONTROL NUMBER | |
| System control number | EN-123333 |
| 037 ## - SOURCE OF ACQUISITION | |
| Source of stock number/acquisition | DBAD/PUB |
| 082 ## - DEWEY DECIMAL CLASSIFICATION NUMBER | |
| Classification number | N |
| 100 ## - MAIN ENTRY--PERSONAL NAME | |
| Personal name | Iroka, Chinweike E. |
| 245 ## - TITLE STATEMENT | |
| Title | Fading Light/ |
| Statement of responsibility, etc | By Chinweike E. Iroka |
| 260 ## - PUBLICATION, DISTRIBUTION, ETC. (IMPRINT) | |
| Place of publication, distribution, etc | Kolkata |
| Name of publisher, distributor, etc | Exceller Books |
| Date of publication, distribution, etc | 2020 |
| 270 ## - ADDRESS | |
| Address | G1, Dream Apartment, Degree College Road, Belgharia |
| City | Kolkata |
| Postal code | 700056 |
| 300 ## - PHYSICAL DESCRIPTION | |
| Extent | 131p.; |
| Dimensions | 21cm(pbk) |
| 942 ## - ADDED ENTRY ELEMENTS (KOHA) | |
| Source of classification or shelving scheme | Dewey Decimal Classification |
| Item type | English Books |
| Classification part | N |
| Call number suffix | IRO |
| Withdrawn status | Lost status | Not for loan | Collection code | Home library | Current library | Date acquired | Source of acquisition | Cost, normal purchase price | Full call number | Barcode | Copy number | Cost, replacement price | Koha item type |
|---|---|---|---|---|---|---|---|---|---|---|---|---|---|
| Fiction | Central Library | Central Library | 20/03/2024 | DBAD | 1028.00 | N IRO | EN-123333 | 1 | 1028.00 | English Books |
